Online
Catalog
Normal view MARC view

Entry Nombre personal

Number of records used in: 4

001 - NÚMERO DE CONTROL

  • campo de control: 21128

003 - IDENTIFICADOR DEL NÚMERO DE CONTROL

  • campo de control: OSt

005 - FECHA Y HORA DE LA ÚLTIMA TRANSACCIÓN

  • campo de control: 20200615032738.0

008 - DATOS DE LONGITUD FIJA

  • campo de control de longitud fija: 200615|| aca||aabn | a|a d

040 ## - FUENTE DE LA CATALOGACIÓN

  • Centro catalogador/agencia de origen: OSt
  • Centro/agencia transcriptor: OSt

100 ## - ENCABEZAMIENTO-NOMBRE DE PERSONA

  • Nombre de persona: Casas, Bartolome de las,
  • Fechas asociadas al nombre: 1474-1566

670 ## - FUENTE DE DATOS ENCONTRADOS

  • Cita de la fuente: Work cat.: (OSt)7395: Thacher, John Boyd, 1847-1909. 21127, Christopher Columbus: his life, his work, his remains as revealed by original printed and manuscript records, together with an essay on Peter Martyr of Anghera and Bartolome de las Casas, the first historians of America /, 1903-1904.

Powered by Koha